| 000 | 01120nam a22002777a 4500 | ||
|---|---|---|---|
| 999 |
_c95349 _d95349 |
||
| 005 | 20230113143749.0 | ||
| 010 | _a1617EN ENG-113737 ENG-135995 | ||
| 020 |
_a9788120351301 _c295.00 |
||
| 035 | _aB-653627-636 | ||
| 035 | _aEN- 97269 | ||
| 035 | _aEN-119527 | ||
| 035 | _aB-665169 | ||
| 037 |
_bABC _adpl |
||
| 037 | _bDBAD/PUB | ||
| 082 | _a332.6320954 | ||
| 100 | _aKevin, S. | ||
| 245 |
_aSecurity analysis and portfolio management / _cby S. Kevin |
||
| 250 | _a2nd ed | ||
| 260 |
_aDelhi _bPHI Learning _c2015 |
||
| 270 |
_aRimjhim House, 111, Patparganj Industrial Estate, _bDelhi _e110092 |
||
| 300 |
_axiv,344p. : _c25cm(pbk) _bill. |
||
| 500 | _aIncludes bibliographical references and index | ||
| 942 |
_2ddc _cEN _mKEV _h332.6320954 |
||